Normal view
MARC view
Entry Personal Name
001 - CONTROL NUMBER
- control field: 88445
003 - CONTROL NUMBER IDENTIFIER
- control field: dpl
005 - DATE AND TIME OF LATEST TRANSACTION
- control field: 20260312172443.0
008 - FIXED-LENGTH DATA ELEMENTS
- fixed length control field: 260312|| aca||aabn | a|a d
040 ## - CATALOGING SOURCE
- Original cataloging agency: dpl
- Transcribing agency: dpl
100 ## - HEADING--PERSONAL NAME
- Personal name: गुप्ता, आर
670 ## - SOURCE DATA FOUND
- Source citation: Work cat.: (dpl)215563: गुप्ता, आर., आर गुप्ता कृत पॉपुलर मास्टर गाइड भारतीय रेलवे ग्रुप "डी" भर्ती परीक्षा/, 2026
